000
00315nam a2200133Ia 4500
005
20251222152609.0
008
251222s9999||||xx |||||||||||||| ||spa||
082
_a
657.42/A59/Ej.2
100
_a
Andrade Espinoza, Simón
245
0
_a
Costos y Presupuestos
250
_a
2a.ed.
264
_b
Lucero
942
_c
LIB
999
_c
26920
_d
26920